Navy Basketball: Top 10 All-Time Leaders - Statistics

General Stats
  • This quiz has been taken 11 times
    3 since last reset
  • The average score is 8 of 90
Answer Stats
Category # Player Amount % Correct
Points 1 David Robinson 2,669
100%
Rebounds 1 David Robinson 1,314
100%
Steals 6 David Robinson 160
100%
Blocks 1 David Robinson 516
100%
Field Goal Percent 1 David Robinson 61.3%
100%
Points Per Game 3 David Robinson 21.0
100%
Games T1 David Robinson 127
100%
Rebounds 8 Dick Brown 645
33%
Blocks T6 Worth Smith 107
33%
Field Goal Percent 10 Worth Smith 45.1%
33%
Three Pointers Made 7 Adam Teague 189
0%
Blocks 10 Alex Kohnen 87
0%
Points Per Game 9 Bill Radcliffe 15.0
0%
Three Pointers Made 3 Brandon Venturini 207
0%
Assists 2 Brian Walker 531
0%
Steals 2 Brian Walker 193
0%
Blocks 9 Byron Hopkins 91
0%
Points 5 Chris Harris 1,635
0%
Steals 5 Chris Harris 174
0%
Three Pointers Made 1 Chris Harris 288
0%
Games T8 Chris Harris 120
0%
Points Per Game 10 Chris Reddington 14.4
0%
Points 9 Chris Williams 1,496
0%
Steals 1 Chris Williams 209
0%
Field Goal Percent 9 Chris Williams 46.3%
0%
Assists 7 Cliff Rees 389
0%
Games 3 Cliff Rees 126
0%
Steals T8 Corey Johnson 139
0%
Field Goal Percent 7 Dave Brooks 47.0%
0%
Rebounds 5 Don Lange 785
0%
Points Per Game 4 Don Lange 20.4
0%
Assists 1 Doug Wojcik 714
0%
Rebounds 3 Eddie Reddick 875
0%
Field Goal Percent 6 Eddie Reddick 47.9%
0%
Games T8 Edward Alade 120
0%
Assists 3 Erik Harris 472
0%
Games 7 Evan Wieck 122
0%
Three Pointers Made 10 George Kiernan 146
0%
Points 3 Greg Sprink 1,785
0%
Three Pointers Made 2 Greg Sprink 237
0%
Points Per Game 7 Greg Sprink 15.9
0%
Rebounds 7 Hank Kuzma 749
0%
Field Goal Percent 3 Hank Kuzma 54.4%
0%
Assists 10 Hasan Abdullah 351
0%
Steals 4 Hasan Abdullah 181
0%
Rebounds 9 Hassan Booker 628
0%
Steals 7 Hassan Booker 142
0%
Points Per Game 6 Jack Conrad 16.0
0%
Steals 10 Jason Jeanpierre 138
0%
Three Pointers Made T8 Jason Jeanpierre 148
0%
Three Pointers Made 6 John Carter Jr. 194
0%
Points 7 John Clune 1,561
0%
Points Per Game 1 John Clune 22.3
0%
Field Goal Percent 8 John Tolmie 47.0%
0%
Points Per Game 2 John Tolmie 21.0
0%
Rebounds 10 Jordan Sugars 624
0%
Three Pointers Made 5 Jordan Sugars 199
0%
Blocks 5 Josh Williams 108
0%
Points 8 Kaleo Kina 1,528
0%
Assists 6 Kaleo Kina 392
0%
Steals 3 Kaleo Kina 183
0%
Three Pointers Made T8 Kaleo Kina 148
0%
Games 10 Kaleo Kina 118
0%
Points 4 Kevin Sinnett 1,687
0%
Rebounds 4 Kevin Sinnett 797
0%
Field Goal Percent 4 Kevin Sinnett 52.6%
0%
Points Per Game 5 Kevin Sinnett 17.2
0%
Assists 4 Kylor Whitaker 437
0%
Field Goal Percent 5 Kylor Whitaker 52.1%
0%
Games 6 Kylor Whitaker 124
0%
Rebounds 6 Larry Wigley 752
0%
Blocks 4 Mark Veazey 111
0%
Points 6 Michael Heary 1,590
0%
Three Pointers Made 4 Michael Heary 201
0%
Blocks T6 Mike Cunningham 107
0%
Blocks 8 Nick Marusich 96
0%
Assists 8 O.J. Avworo 388
0%
Points 10 Rob Romaine 1,393
0%
Games T4 Shawn Anderson 125
0%
Blocks 3 Sitapha Savane 189
0%
Steals T8 Skip Victor 139
0%
Assists 5 Tilman Dunbar 434
0%
Points 2 Vernon Butler 1,952
0%
Rebounds 2 Vernon Butler 1,115
0%
Field Goal Percent 2 Vernon Butler 56.5%
0%
Points Per Game 8 Vernon Butler 15.4
0%
Games T1 Vernon Butler 127
0%
Assists 9 Victor Mickel 379
0%
Blocks 2 Will Kelly 199
0%
Games T4 Will Kelly 125
0%
No matching quizzes found
Score Distribution
Percent of People with Each Score
Percentile by Number Answered
Your Score History
You have not taken this quiz since the last reset